00521nam a2200169Ia 4500001001000000003000500010008004100015010001100056040000900067100002100076245010000097260006100197300001000258440004200268650002300310700001800333Para_3630CHAP220125s1941 xx 000 0 und d a202201 cCHAP aHaseman, Leonard aControlling bot and warble flies of livestock in Missouri /c Leonard Haseman and W. E. Roland aLafayette, Missouri :b Agricultural Experiment Station a32 p. aMissouri. Agri. Exp. Sta., Bull.; 340 aHypoderma lineatum aRoland, W. E.